Potrebuje SR hospodársku diplomaciu?

Podstata diplomacie, rôzne typy diplomacie a nový ekonomický rozmer diplomacie. Význam presadzovania ekonomických aspektov v zahraničnoobchodnej politike SR. Potreba "integrovaného diplomata" schopného aplikovať získané vedomosti z oblasti práva, psychológie, histórie a ekonomických vied. Obchodná d...

Descripción completa

Guardado en:
Detalles Bibliográficos
Autor principal: Knapik, Peter
Formato: Capítulo de libro
Lenguaje:eslovaco
Materias:
Etiquetas: Agregar Etiqueta
Sin Etiquetas, Sea el primero en etiquetar este registro!

MARC

LEADER 00000naa$a2200000$$$4500
001 0046043
005 20240502071532.7
041 0 |a slo 
044 |a SK 
245 1 0 |a Potrebuje SR hospodársku diplomaciu?  |c Peter Knapík 
520 |a Podstata diplomacie, rôzne typy diplomacie a nový ekonomický rozmer diplomacie. Význam presadzovania ekonomických aspektov v zahraničnoobchodnej politike SR. Potreba "integrovaného diplomata" schopného aplikovať získané vedomosti z oblasti práva, psychológie, histórie a ekonomických vied. Obchodná diplomacia - objektívny predpoklad na realizáciu funkčnej otvorenosti ekonomiky, s cieľom dosiahnuť vyrovnanú obchodnú bilanciu a priniesť pozitívne rozvojové impulzy pre národné hospodárstvo. 
610 2 0 |a diplomacia 
610 2 0 |a diplomacia hospodárska 
610 2 0 |a diplomati 
610 2 0 |a politika zahraničnoobchodná 
610 2 0 |a vzťahy medzinárodné 
610 2 0 |a záujmy ekonomické 
610 2 0 |a Slovensko 
100 1 |a Knapik, Peter